书目信息 |
| 题名: |
新兴的海洋生物技术
|
|
| 作者: | 秦松 主编 | |
| 分册: | ||
| 出版信息: | 济南 山东科学技术出版社 1999.11 |
|
| 页数: | 161页 | |
| 开本: | 20cm | |
| 丛书名: | 海洋新探索丛书 | |
| 单 册: | ||
| 中图分类: | P745 | |
| 科图分类: | ||
| 主题词: | 海洋开发 , 海洋生物资源 , 海洋资源--海洋开发 | |
| 电子资源: | ||
| ISBN: | 7-5331-2393-X | |
| 000 | 00693nam0 2200241 45 | |
| 001 | 0104051516 | |
| 005 | 20031219104049.4 | |
| 010 | @a7-5331-2393-X@dCNY12.00 | |
| 100 | @a20010405d1999 km y0chiy0120 ea | |
| 101 | 0 | @achi |
| 105 | @a z 000yy | |
| 200 | 1 | @a新兴的海洋生物技术@AXin Xing De Hai Yang Sheng Wu Ji Shu@f秦松主编@FQin Song Zhu Bian |
| 210 | @a济南@c山东科学技术出版社@d1999.11 | |
| 215 | @a161页@d20cm | |
| 225 | @a海洋新探索丛书 | |
| 410 | @12001 @a海洋新探索丛书 | |
| 606 | 0 | @a海洋开发 |
| 606 | 0 | @a海洋生物资源 |
| 606 | 0 | @a海洋资源@x海洋开发 |
| 690 | @aP745@v1 | |
| 701 | 0 | @a秦松@4主编 |
| 801 | @aCN@bTSTC@c20010514 | |
| 905 | @a213230@f2@b296443-444@dP745@e28 | |
| 新兴的海洋生物技术/秦松主编.-济南:山东科学技术出版社,1999.11 |
| 161页;20cm.-(海洋新探索丛书) |
| ISBN 7-5331-2393-X:CNY12.00 |
| ● |
| 相关链接 |
|
|
|
|
正题名:新兴的海洋生物技术
索取号:P745/28
 
预约/预借
| 序号 | 登录号 | 条形码 | 馆藏地/架位号 | 状态 | 备注 |
| 1 | 0296443 | 002964439 | 第三借阅区/ [索取号:P745/28] | 在馆 | |
| 2 | 0296444 | 002964448 | 第二样本阅览室/ [索取号:P745/28] | 在馆 |